Vista normal Vista MARC

Entrada Materia (personas)

Número de registros utilizados en: 1

001 - CONTROL NUMBER

  • control field: 99640

003 - CONTROL NUMBER IDENTIFIER

  • control field: Co-BoUCM

005 - DATE AND TIME OF LATEST TRANSACTION

  • control field: 20200116112936.0

008 - FIXED-LENGTH DATA ELEMENTS

  • fixed length control field: 200116|| aca||aabn | a|a d

040 ## - CATALOGING SOURCE

  • Original cataloging agency: Co-BoUCM
  • Transcribing agency: Co-BoUCM

100 ## - HEADING--PERSONAL NAME

  • Personal name: Heffner, Edward H.
  • Relator term: traductor
  • Dates associated with a name: 1886-
  • Fuller form of name: (Edward Hoch)

670 ## - SOURCE DATA FOUND

  • Source citation: Work cat.: (Co-BoUCM): Columela, Lucio Junio Moderato 99632, Lucius Junius Moderatus. Columella, 1935